[Event "LNA Puma Cup"]
[Site "Argentina"]
[Date "2006.09.09"]
[Round "2"]
[White "Hoffmann, Emiliano"]
[Black "Radoszta, Armando Esteban"]
[Result "0-1"]
[WhiteElo "2169"]
[BlackElo "2126"]
[PlyCount "136"]
[EventDate "2006.09.03"]
[EventType "swiss"]
[EventRounds "8"]
[EventCountry "ARG"]
[SourceTitle "EXT 2008"]
[Source "ChessBase"]
[SourceDate "2007.11.25"]
[SourceVersion "1"]
[SourceVersionDate "2007.11.25"]
[SourceQuality "1"]

1. e4 g6 2. d4 Bg7 3. Nc3 d6 4. Nf3 Nf6 5. Be2 0-0 6. 0-0 Nc6 7. d5 Nb8 8. Nd4 c5 9. Nb3 Ne8 10. f4 b6 11. Be3 Nc7 12. Nd2 Nd7 13. a4 a6 14. Nc4 Rb8 15. Rb1 Na8 16. Na3 Nc7 17. g3 Ne8 18. Bf3 Kh8 19. Qe2 Nc7 20. Nd1 b5 21. c4 bxa4 22. Nc3 Rb3 23. Bd2 Bd4+ 24. Kh1 Nb6 25. Qd3 Bh3 26. Rfc1 Qd7 27. Bd1 Rb4 28. Ne2 Bg7 29. Bxb4 cxb4 30. Nc2 a5 31. Ned4 Na6 32. Nc6 Nc5 33. Qf3 f5 34. Be2 Nxe4 35. Qe3 Nc5 36. Nxa5 Ra8 37. Nc6 Re8 38. N6xb4 e5 39. Re1 exf4 40. Qxf4 Re4 41. Qf2 Nxc4 42. Nd3 Nb3 43. Bf3 Ncd2 44. Bxe4 fxe4 45. Nf4 Bg4 46. Ne6 Nxb1 47. Nxg7 Bf3+ 48. Kg1 Kxg7 49. Rxb1 Nc5 50. Ne1 Qg4 51. Qd4+ Kh6 52. Ng2 Qd7 53. Nh4 Bg4 54. Rf1 Qe7 55. Ng2 Bf3 56. h4 Qd7 57. Kh2 Qg4 58. Nf4 Qf5 59. Qe3 Kg7 60. Rc1 Qe5 61. Rc2 h6 62. Qc3 Kf6 63. Qxe5+ Kxe5 64. Nxg6+ Kxd5 65. Nf4+ Ke5 66. Kg1 e3 67. Kf1 Kd4 68. Ne6+ Kd3 0-1